000 00314nam a22001337a 4500
008 170418b xxu||||| |||| 00| 0 eng d
020 _a9780323036498
041 _aeng
080 _a573
100 _a10
101 _aSHM
245 _aHUMAN EMBRYOLOGY AND DEVELOPMENTAL BIOLOGY
_cCARLSON, B.M
942 _2udc
_cBK
999 _c10938
_d10938